| 000 | 00466nam a2200193Ia 4500 | ||
|---|---|---|---|
| 005 | 20250425160948.0 | ||
| 008 | 250425s9999 xx 000 0 und d | ||
| 041 | _aeng | ||
| 082 | _a624.1776 | ||
| 100 | _aHAAS, A.M. | ||
| 245 | 0 | _aDESIGN OF THIN CONCRETE SHELLS | |
| 250 | _aS.E. | ||
| 260 |
_aEstados Unidos _bJOHN WILEY & SONS _c1962 |
||
| 260 | _aNEW YORK | ||
| 300 | _a128 | ||
| 650 | _aCONSTRUCCION HORMIGON ARMADO | ||
| 942 | _c01 | ||
| 010 | _a9349 | ||
| 999 |
_c199708 _d199708 |
||